000 01346cad a22001935a 4500
001 L153149
008 110614s2011 xxk f 000 0 eng d
035 _a(Sirsi) u153149
041 0 _aeng
110 2 _aUnited Kingdom
_bDepartment for Environment, Food and Rural Affairs
245 0 0 _aGovernment review of waste policy in England 2011
_h[electronic resource]
260 _aLondon
_bDEFRA
_c2011
520 _aResults of government's comprehensive review of waste. The review sets out a number of priorities including a consultation next year on introducing a landfill restriction on wood waste and review the case for introducing landfill bans on other materials, such as metals, textiles and all biodegradable waste. Also there area plans to accelerate recycling and reduce waste creation by providing incentives for householders, recycling on the go schemes and better services for business. There will also be a crackdown on illegal fly-tippers with appropriate powers to look at penalties that might include offenders clearing up items they have dumped.
590 _aKA NTK
651 4 _aENGLAND AND WALES
690 _aENVIRONMENTAL AND LAND CONSULTANCY-WASTE MANAGEMENT
856 4 0 _uhttps://www.defra.gov.uk/publications/files/pb13540-waste-policy-review110614.pdf
_zView the item free of charge at www.defra.gov.uk
942 _n0
999 _c112397
_d112397